00234 a2200097 450000500170000008200160001710000160003324500250004926000390007430000230011320250629165350.0 a658.827 CLI aCLIFTON, R. aBrands and Branding, aNew York,bBloomberg Press,c2009. axvii, 284,: ill.;